|
|
|
|
| LEADER |
00000cam a22000004a 4500 |
| 001 |
musev2_21690 |
| 003 |
MdBmJHUP |
| 005 |
20230905042319.0 |
| 006 |
m o d |
| 007 |
cr||||||||nn|n |
| 008 |
120920s2012 inu o 00 0 eng d |
| 010 |
|
|
|z 2012038269
|
| 020 |
|
|
|a 9780893578947
|
| 020 |
|
|
|z 9780893573942
|
| 020 |
|
|
|z 0893578940
|
| 020 |
|
|
|z 0893573949
|
| 035 |
|
|
|a (OCoLC)859687140
|
| 040 |
|
|
|a MdBmJHUP
|c MdBmJHUP
|
| 041 |
1 |
|
|a eng
|h rus
|
| 100 |
1 |
|
|a Mironova-Korolʹ, Agnessa Ivanovna.
|
| 240 |
1 |
0 |
|a Agnessa.
|l English
|
| 245 |
1 |
0 |
|a Agnessa :
|b A Gulag Memoir /
|c by Agnessa Ivanovna Mironova-Korolʹ as told to Mira Mstislavovna Yakovenko ; translated by Rose Glickman.
|
| 264 |
|
1 |
|a Bloomington, Indiana :
|b Slavica Publishers,
|c 2012.
|
| 264 |
|
3 |
|a Baltimore, Md. :
|b Project MUSE,
|c 2013
|
| 264 |
|
4 |
|c ©2012.
|
| 300 |
|
|
|a 1 online resource:
|b illustrations ;
|
| 336 |
|
|
|a text
|b txt
|2 rdacontent
|
| 337 |
|
|
|a computer
|b c
|2 rdamedia
|
| 338 |
|
|
|a online resource
|b cr
|2 rdacarrier
|
| 490 |
0 |
|
|a Allan K. Wildman Group historical series ;
|v 5
|
| 505 |
0 |
|
|a Grandfather -- Father -- Mama -- Zarnitsky -- Mirosha -- Zarnitsky again -- Karaganda -- My life with Mirosha, 1930-39 -- After Mirosha -- Slavery -- Return -- Last party.
|
| 588 |
|
|
|a Description based on print version record.
|
| 600 |
1 |
7 |
|a Mironova-Korolʹ, Agnessa Ivanovna.
|2 fast
|0 (OCoLC)fst00401080
|
| 600 |
1 |
7 |
|a Mironov, Sergeĭ Naumovich.
|2 fast
|0 (OCoLC)fst00413670
|
| 600 |
1 |
0 |
|a I︠A︡kovenko, M. M.
|q (Mira Mstislavovna)
|
| 600 |
1 |
0 |
|a Mironov, Sergeĭ Naumovich
|x Family.
|
| 600 |
1 |
0 |
|a Mironova-Korolʹ, Agnessa Ivanovna.
|
| 651 |
|
7 |
|a Soviet Union.
|2 fast
|0 (OCoLC)fst01210281
|
| 651 |
|
7 |
|a Sowjetunion
|2 gnd
|
| 651 |
|
0 |
|a Soviet Union
|v Biography.
|
| 650 |
|
7 |
|a Families.
|2 fast
|0 (OCoLC)fst01728849
|
| 650 |
|
7 |
|a Weibliche Gefangene
|2 gnd
|
| 650 |
|
7 |
|a Straflager.
|2 gnd
|
| 650 |
|
7 |
|a Ehefrau
|2 gnd
|
| 650 |
|
7 |
|a Führungskraft
|2 gnd
|
| 655 |
|
7 |
|a Biographies.
|2 fast
|0 (OCoLC)fst01919896
|
| 655 |
|
7 |
|a Electronic books.
|2 local
|
| 700 |
1 |
|
|a Glickman, Rose L.,
|e translator.
|
| 700 |
1 |
|
|a I︠A︡kovenko, M. M.
|q (Mira Mstislavovna)
|
| 710 |
2 |
|
|a Project Muse.
|e distributor
|
| 830 |
|
0 |
|a Book collections on Project MUSE.
|
| 856 |
4 |
0 |
|z Texto completo
|u https://projectmuse.uam.elogim.com/book/21690/
|
| 945 |
|
|
|a Project MUSE - Custom Collection
|
| 945 |
|
|
|a Project MUSE - 2013 History
|
| 945 |
|
|
|a Project MUSE - 2013 Russian and East European Studies
|
| 945 |
|
|
|a Project MUSE - 2013 Complete
|